000 00689nam a2200265Ia 4500
001 16432
003 GE_BSU
008 181216s||||||||xx |||||||||||||| ||und||
020 _a9783464212349
040 _cGE_BSU
080 _a811.112+63
100 _aLévy-Hillerich, Dorothea
245 _aKommunikation in Der Landwirtschaft
245 _bKursbuch
260 _aGerman
260 _bFRAUS Cornelesan
260 _c2009
300 _a173p,ill,26 cm.
300 _b+1CD-Rom
541 _h69gel.
653 _aKommunikation in Der Landwirtschaft
653 _aგერმანული ენა
653 _aსოფლის მეურნეობა
942 _cBK
999 _c49503
_d49503